| 000 | 00643nam a22001937a 4500 | ||
|---|---|---|---|
| 003 | OSt | ||
| 005 | 20160205100501.0 | ||
| 008 | 160108b xxu||||| |||| 00| 0 eng d | ||
| 020 | _a9780547485874 | ||
| 082 |
_22012 _aDK12 910.7 _bSa177 |
||
| 100 |
_91489 _aSalter, Christopher L. |
||
| 245 |
_aWestern world / _cChristopher L. Salter. |
||
| 260 |
_aFlorida: _bHolt McDougal, _cc2012. |
||
| 300 |
_axv, 595 pages: _bcolor illustrations; _c28 cm. |
||
| 500 | _aIncludes glossary and index. | ||
| 650 | 0 |
_91491 _aGeography _xStudy and teaching (Middle school) |
|
| 650 | 0 |
_92462 _aEurope _xGeography _vStudy and teaching (Middle school) |
|
| 942 |
_2ddc _cBK |
||
| 999 |
_c922 _d922 |
||